banner-ar

THE OFFICIAL AMERICA ON LINE FOR MACINTOSH MEMEBERSHIP KIT AND TOUR GUIDE / (Record no. 16139)

MARC details
000 -الفاتح
حقل البيانات ثابتة الطول 00550nam a2200193Ia 4500
008 - عناصر البيانات ثابتة الطول - معلومات عامة
حقل البيانات ثابتة الطول 140319s9999 xx 000 0 eng d
040 ## - مصدر الفهرسة
وكالة الفهرسة الأصلية GCL /
وكالة النسخ GCL
082 04 - رقم تصنيف ديوى العشرى
رقم التصنيف 005.754
رقم المادة L O
100 1# - المدخل الرئيسى - إسم شخصى
الإسم الشخصى LICHY, TOM
245 10 - بيان العنوان
العنوان THE OFFICIAL AMERICA ON LINE FOR MACINTOSH MEMEBERSHIP KIT AND TOUR GUIDE /
بيان المسئوليه,etc LICHY, TOM
260 ## - PUBLICATION, DISTRIBUTION, ETC. (IMPRINT)
تاريخ النشر أو التوزيع 1997
300 ## - الوصف المادى
التعداد 735 P
650 04 - المدخل الاضافى بالموضوع-مصطلح موضوعى
مصطلح موضوعي INTERNATIONAL LAW
650 04 - المدخل الاضافى بالموضوع-مصطلح موضوعى
مصطلح موضوعي INTERNET
650 04 - المدخل الاضافى بالموضوع-مصطلح موضوعى
مصطلح موضوعي COMPUTER - PROPGRAMME
650 04 - المدخل الاضافى بالموضوع-مصطلح موضوعى
مصطلح موضوعي COMPUTER - NETWORKS
942 ## - عناصر المدخل الإضافي( كوها)
مصدر التصنيف او مخطط الترفيف Dewey Decimal Classification
Koha [default] item type كتاب
260 ## - PUBLICATION, DISTRIBUTION, ETC. (IMPRINT)
-- [S.N] :
-- VENTANA COMMUNICATION ،
Holdings
حالة التراجع حالة الفقد حالة تلف ليس للاعارة المكان المؤقت الموقع الحالى تاريخ الاكتساب اجمالي اﻻعارات رقم الطلب الباركود تاريخ اخر مشاهدة تاريخ تفعيل السعر نوع وعاء كوها
        مكتبة القاهرة الكبرى مكتبة القاهرة الكبرى 03/26/2014   005.754\L O 29500 03/26/2014 03/26/2014 كتاب

Powered By

EGPV